Ethics Integrity And Aptitude in Governance/ (Record no. 208730)

MARC details
000 -LEADER
fixed length control field 00690nam a22001937a 4500
005 - DATE AND TIME OF LATEST TRANSACTION
control field 20250127123850.0
010 ## - LCCN (DPL NO)
LC control number BACEN25
020 ## - INTERNATIONAL STANDARD BOOK NUMBER
International Standard Book Number 9789355017352
Terms of availability 650.00
037 ## - SOURCE OF ACQUISITION
Source of stock number/acquisition S. Chand
082 ## - DEWEY DECIMAL CLASSIFICATION NUMBER
Classification number 170.44
Edition number 2nd
100 ## - MAIN ENTRY--PERSONAL NAME
Personal name Upadhyay, Ranvijay
245 ## - TITLE STATEMENT
Title Ethics Integrity And Aptitude in Governance/
Statement of responsibility, etc By Ranvijay Upadhyay
250 ## - EDITION STATEMENT
Edition statement 2
260 ## - PUBLICATION, DISTRIBUTION, ETC. (IMPRINT)
Place of publication, distribution, etc New Delhi
Name of publisher, distributor, etc S Chand and Company Limited
Date of publication, distribution, etc 2023
270 ## - ADDRESS
Address A-27, 2nd Floor, Mohan Co-operative Industrial Estate
City New Delhi
Postal code 110044
Electronic mail address info@schandpublishing.com
Telephone number 011-49731800
300 ## - PHYSICAL DESCRIPTION
Extent xxii,589p.
Dimensions 23cm(pb)
500 ## - GENERAL NOTE
General note For UPSC Civil Services Examination
942 ## - ADDED ENTRY ELEMENTS (KOHA)
Source of classification or shelving scheme Dewey Decimal Classification
Item type English Books
Classification part 170.44
Call number suffix UPA
Edition 2nd

No items available.


© Delhi Public Library
Hit Counter
free hit counter